Power of evidence (Record no. 521037)
[ view plain ]
| 000 -LEADER | |
|---|---|
| fixed length control field | 00335nam a22001337a 4500 |
| 008 - FIXED-LENGTH DATA ELEMENTS--GENERAL INFORMATION | |
| fixed length control field | 221208b ||||| |||| 00| 0 eng d |
| 100 ## - MAIN ENTRY--PERSONAL NAME | |
| Personal name | Prasad, Seema |
| 245 ## - TITLE STATEMENT | |
| Title | Power of evidence |
| 260 ## - PUBLICATION, DISTRIBUTION, ETC. (IMPRINT) | |
| Place of publication, distribution, etc | Down to Earth |
| 300 ## - PHYSICAL DESCRIPTION | |
| Extent | 1-15. Nov, 2022: p.14-24 |
| 773 ## - HOST ITEM ENTRY | |
| Main entry heading | Down to Earth |
| 906 ## - LOCAL DATA ELEMENT F, LDF (RLIN) | |
| Subject DIP | ENVIRONMENT |
| 942 ## - ADDED ENTRY ELEMENTS (KOHA) | |
| Item type | Articles |
| Withdrawn status | Lost status | Source of classification or shelving scheme | Damaged status | Not for loan | Permanent location | Current location | Date acquired | Serial Enumeration / chronology | Barcode | Date last seen | Koha item type |
|---|---|---|---|---|---|---|---|---|---|---|---|
| Indian Institute of Public Administration | Indian Institute of Public Administration | 2022-12-08 | 1-15. Nov, 2022: p.14-24 | AR127598 | 2022-12-08 | Articles |
